LDR 00651naa#a2200205#i#450# 001 EN\\bibl\121109 005 20260605231027.5 011 ## _a2588-0209 100 ## _a20260601b2026####ek#y0engy0150####ca 102 ## _aRU 200 1# _aEASTERN GALEGA IN THE MIDDLE TAIGA SUBZONE OF YAKUTIA _eJournal article 210 1# _aMoscow _cElectronic science _d2026 215 ## _a13 с. 608 ## _aJournal article _2local 675 ## _aСилосованные корма. 636.085.52 _z 700 #1 _aMaksimova _gKharitina Ivanovna 700 #1 _aSmetanina _gAnna Nikolaevna 700 #1 _aKolesnikov _gNikolay Vasil'evich 700 #1 _aNikolaeva _gValentina Semenovna 856 4# _amshj.ru _u